Fundamentos del trabajo penitenciario / (Record no. 31538)

MARC details
000 -LEADER
campo de control de longitud fija 01076nam a2200253 i 4500
001 - NÚMERO DE CONTROL
campo de control 31538
003 - IDENTIFICADOR DE NÚMERO DE CONTROL
campo de control ES-MaACL
005 - FECHA Y HORA DE LA ÚLTIMA TRANSACCIÓN
campo de control 20250826070510.0
007 - CAMPO FIJO DE DESCRIPCIÓN FÍSICA--INFORMACIÓN GENERAL
campo de control de longitud fija t|
008 - DATOS DE LONGITUD FIJA--INFORMACIÓN GENERAL
campo de control de longitud fija 030129s1952 sp ||||1| spa d
100 1# - ENTRADA PRINCIPAL--NOMBRE DE PERSONA
Nombre de persona Belaustegui Más, Calixto.
9 (RLIN) 27127
245 10 - MENCIÓN DEL TÍTULO
Título Fundamentos del trabajo penitenciario /
Mención de responsabilidad, etc. Calixto Belaustagui Mas ; prólogo de Eugenio Cuello Calón.
260 ## - PUBLICACIÓN, DISTRIBUCIÓN, ETC.
Lugar de publicación, distribución, etc. Madrid :
Nombre del editor, distribuidor, etc. [s.n.,
Fecha de publicación, distribución, etc. 1952] (
Fabricante Talls. Penitenciarios de Alcalá de Henares)
300 ## - DESCRIPCIÓN FÍSICA
Extensión XIX, 390 p. ;
Dimensiones 24 cm.
510 ## - NOTA DE CITAS O REFERENCIAS BIBLIOGRÁFICAS
Nombre de la fuente CCPB,
Localización dentro de la fuente 001029421-X
650 #7 - PUNTO DE ACCESO ADICIONAL DE MATERIA--TÉRMINO DE MATERIA
Término de materia o nombre geográfico como elemento de entrada Trabajo forzado
Fuente del encabezamiento o término embne
9 (RLIN) 171575
650 #7 - PUNTO DE ACCESO ADICIONAL DE MATERIA--TÉRMINO DE MATERIA
9 (RLIN) 136763
Término de materia o nombre geográfico como elemento de entrada Presos
700 1# - ENTRADA AGREGADA--NOMBRE PERSONAL
Nombre de persona Cuello Calón, Eugenio.
9 (RLIN) 41986
852 ## - LOCALIZACIÓN
Ubicación ES-MaACL
Número de control de estantería D-6429
Sublocalización o colección R.32713
-- R.M. 6024
itemnumber 32704
Ubicación en estantería Sala Valle Inclán
Marcas de propiedad Sello en tinta azul de la Biblioteca del Ateneo de Madrid
Anotaciones manuscritas Anotación manuscrita en cubierta: "6"
Nota libre En cubierta: "16. OCT. 1952"
-- En cubierta: "DONATIVO"
942 ## - ELEMENTOS DE ENTRADA SECUNDARIOS (KOHA)
Fuente del sistema de clasificación o colocación Clasificación decimal universal
Tipo de ítem Koha Libro impreso
Holdings
Estatus retirado Estado de pérdida Estado de daño No para préstamo Biblioteca de origen Biblioteca actual Ubicación en estantería Fecha de adquisición Fuente de adquisición Total de préstamos Signatura topográfica completa Código de barras Visto por última vez Precio de reemplazo Tipo de ítem Koha
        Biblioteca del Ateneo de Madrid Biblioteca del Ateneo de Madrid Sala Valle Inclán 17/01/2008     D-6429 901032592 23/02/2023 23/02/2023 Libro impreso